<?xml version="1.0" encoding="UTF-8"?>
<record
    xmlns:xsi="http://www.w3.org/2001/XMLSchema-instance"
    xsi:schemaLocation="http://www.loc.gov/MARC21/slim http://www.loc.gov/standards/marcxml/schema/MARC21slim.xsd"
    xmlns="http://www.loc.gov/MARC21/slim">

  <leader>02059nam a2200205 a 4500</leader>
  <controlfield tag="001">ASIN0863566243</controlfield>
  <controlfield tag="005">20170105102925.0</controlfield>
  <controlfield tag="008">131211s2010    xxu                 eng d</controlfield>
  <datafield tag="020" ind1=" " ind2=" ">
    <subfield code="a">0863566243 (paperback)</subfield>
    <subfield code="c">$16.95</subfield>
  </datafield>
  <datafield tag="020" ind1=" " ind2=" ">
    <subfield code="a">9780863566240 (paperback)</subfield>
  </datafield>
  <datafield tag="040" ind1=" " ind2=" ">
    <subfield code="a">0</subfield>
  </datafield>
  <datafield tag="082" ind1=" " ind2=" ">
    <subfield code="a">956.054</subfield>
    <subfield code="b">WHI 2010</subfield>
  </datafield>
  <datafield tag="100" ind1="1" ind2=" ">
    <subfield code="a">Whitaker, Brian.</subfield>
  </datafield>
  <datafield tag="245" ind1="1" ind2="0">
    <subfield code="a">What's really wrong with the middle east /</subfield>
    <subfield code="c">Brian Whitaker.</subfield>
  </datafield>
  <datafield tag="260" ind1=" " ind2=" ">
    <subfield code="a">[S.l.] :</subfield>
    <subfield code="b">Saqi Books,</subfield>
    <subfield code="c">2010.</subfield>
  </datafield>
  <datafield tag="300" ind1=" " ind2=" ">
    <subfield code="a">384 p. ;</subfield>
    <subfield code="c">21 cm.</subfield>
  </datafield>
  <datafield tag="520" ind1=" " ind2=" ">
    <subfield code="a">"A passionate call for political and social change in Arab countries . . . and a stern critique of the status quo."Jeremy Bowen, BBC Middle East editor The problems in the Middle East are always someone else&#x2019;s fault. While the West blames dictators and extremists, Arabs often blame centuries of foreign interference. For many, both in the East and West, the root problem is a lack of freedom. Looking beyond the turmoil reported on our TV screens, Guardian journalist Brian Whitaker examines the "freedom deficit" that affects Arabs in their daily lives: their struggles against corruption, discrimination, and bureaucracy, and the stifling authoritarianism that pervades homes, schools, and mosques as well as presidential palaces. Drawing on a wealth of new research and wide-ranging interviews, Whitaker analyzes the views of Arabs living in the region and argues that in order to achieve peace, prosperity, and full participation in today&#x2019;s global economy, Arabs should embrace political and far-reaching social and cultural change. Brian Whitaker was Middle East editor at the Guardian for seven years and is currently an editor for the newspaper&#x2019;s Comment is Free website. He is the author of Unspeakable Love: Gay and Lesbian Life in the Middle East (Saqi Books, 2006; also published in the United States by the University of California Press, 2006). His website, www.al-bab.com, is devoted to Arab culture and politics.</subfield>
  </datafield>
  <datafield tag="856" ind1="4" ind2="0">
    <subfield code="3">Amazon.com</subfield>
    <subfield code="u">http://www.amazon.com/exec/obidos/ASIN/0863566243/chopaconline-20</subfield>
  </datafield>
  <datafield tag="942" ind1=" " ind2=" ">
    <subfield code="2">ddc</subfield>
    <subfield code="c">BK</subfield>
  </datafield>
  <datafield tag="999" ind1=" " ind2=" ">
    <subfield code="c">15777</subfield>
    <subfield code="d">15777</subfield>
  </datafield>
  <datafield tag="952" ind1=" " ind2=" ">
    <subfield code="0">0</subfield>
    <subfield code="1">0</subfield>
    <subfield code="4">0</subfield>
    <subfield code="7">0</subfield>
    <subfield code="8">NFIC</subfield>
    <subfield code="a">CIPS</subfield>
    <subfield code="b">CIPS</subfield>
    <subfield code="c">GEN</subfield>
    <subfield code="d">2013-10-02</subfield>
    <subfield code="l">0</subfield>
    <subfield code="o">956.054 WHI 2010</subfield>
    <subfield code="p">CIPS0002187</subfield>
    <subfield code="r">2013-12-11</subfield>
    <subfield code="w">2013-12-11</subfield>
    <subfield code="y">BK</subfield>
  </datafield>
</record>
